[Event "Tourn. n9532"]
[Site "www.chess-mail.com"]
[Date "2017.10.31"]
[Round "1"]
[White "Norlavuaram"]
[Black "Luban"]
[WhiteElo "2070"]
[BlackElo "2090"]
[Result "0-1"]
[Round "1"]
1.e4 c5
2.Ng1f3 d6
3.d4 cxd4
4.Nf3xd4 Ng8f6
5.Nb1c3 a6
6.Bf1e2 e6
7.O-O Bf8e7
8.Bc1e3 Bc8d7
9.f4 Qd8c7
10.Be2f3 Nb8c6
11.Nd4b3 b5
12.a3 Ra8c8
13.Ra1c1 Nc6a5
14.Nb3xa5 Qc7xa5
15.e5 dxe5
16.fxe5 Nf6g8
17.Bf3h5 g6
18.Bh5f3 Bd7c6
19.Nc3e4 Bc6xe4
20.Bf3xe4 Qa5c7
21.Qd1f3 Be7c5
22.Kh1 Bc5xe3
23.Qf3xe3 Ng8e7
24.Qe3f3 O-O
25.Qf3g3 Ne7c6
26.Be4xc6 Qc7xc6
27.c3 Rf8d8
28.Qg3f4 Rc8c7
29.Rf1f3 Qc6d5
30.Rc1g1 Rd8d7
31.Rf3h3 Rc7c4
32.Qf4h6 Qd5xe5
33.Qh6xh7 Kf8
34.Qh7h6 Qe5g7
35.Qh6e3 Rd7c7
36.Rg1d1 Rc7c8
37.Qe3b6 Rc4c6
38.Rd1d8 Ke7
39.Qb6d4 Rc8xd8
{ resign }
0-1

[Event "Tourn. n9469"]
[Site "www.chess-mail.com"]
[Date "2017.10.31"]
[Round "1"]
[White "Obisporey"]
[Black "Rons"]
[WhiteElo "2600"]
[BlackElo "2550"]
[Result "0-1"]
[Round "1"]
1.Ng1f3 Ng8f6
2.c4 c5
3.Nb1c3 e6
4.g3 b6
5.Bf1g2 Bc8b7
6.O-O Bf8e7
7.Rf1e1 d5
8.cxd5 Nf6xd5
9.d4 cxd4
10.Qd1a4 Nb8d7
11.Nc3xd5 Bb7xd5
12.Bc1f4 O-O
13.Qa4xd4 Be7f6
14.Qd4b4 Ra8c8
15.Ra1c1 Nd7c5
16.Rc1d1 Bf6e7
17.Qb4a3 a5
18.Nf3e5 g5
19.Bf4xg5 f6
20.Bg5h6 fxe5
21.Bh6xf8 Be7xf8
22.e4 Nc5d7
23.Qa3f3 Bd5xa2
24.b3 Rc8c2
25.Bg2h3 Qd8e7
26.Qf3d3 Rc2c7
27.Re1e3 a4
28.bxa4 Nd7f6
29.Qd3b5 Qe7c5
30.Qb5e2 Ba2c4
31.Qe2c2 Bc4a6
32.Bh3xe6 Kg7
33.Qc2b2 Qc5c2
34.Qb2a1 Bf8b4
35.Be6b3 Qc2c5
36.Kg2 Bb4c3
37.Qa1c1 h6
38.f3 Bc3d4
39.Qc1xc5 bxc5
40.Re3e1 c4
41.Bb3c2 c3
42.Rd1b1 Nf6e8
43.f4 Ne8d6
44.Rb1b8 Nd6c4
45.Kf3 h5
46.Bc2d3 exf4
47.gxf4 Nc4e5
48.fxe5 Rc7f7
49.Kg2 Ba6xd3
50.e6 Rf7f2
51.Kg3 Rf2b2
52.Rb8c8 Kf6
53.Re1c1 c2
54.Rc8c6 Bd3xe4
55.Rc6c8 Rb2b3
56.Kf4 Be4d5
57.Rc8f8 Kg6
58.Rf8g8 Kh6
59.e7 Rb3f3
{ resign }
0-1

[Event "Tourn. n9572"]
[Site "www.chess-mail.com"]
[Date "2017.10.31"]
[Round "1"]
[White "Rons"]
[Black "Apdash"]
[WhiteElo "2630"]
[BlackElo "2210"]
[Result "1-0"]
[Round "1"]
1.e4 e5
2.Ng1f3 d6
3.d4 exd4
4.Nf3xd4 Bf8e7
5.Bf1e2 Ng8f6
6.Nb1c3 a6
7.O-O O-O
8.Rf1e1 Nb8c6
9.Bc1f4 Nc6xd4
10.Qd1xd4 Bc8e6
11.Ra1d1 c5
12.Qd4d2 Qd8b6
13.b3 Ra8d8
14.Nc3d5 Nf6xd5
15.exd5 Be6f5
16.Be2d3 Bf5xd3
17.Re1xe7 Bd3f5
18.Rd1e1 h6
19.Bf4xh6 gxh6
20.Qd2xh6 Qb6b4
21.Qh6g5 Bf5g6
22.Re1e6 { resign }
1-0

[Event "Tourn. n9540"]
[Site "www.chess-mail.com"]
[Date "2017.10.31"]
[Round "1"]
[White "Norlavuaram"]
[Black "Claymil"]
[WhiteElo "2080"]
[BlackElo "2120"]
[Result "1-0"]
[Round "1"]
1.e4 c5
2.Ng1f3 Nb8c6
3.Nb1c3 g6
4.d3 h6
5.g3 Bf8g7
6.Bc1d2 e6
7.Bf1g2 Ng8e7
8.O-O O-O
9.Ra1b1 b6
10.Nf3e1 Bc8b7
11.f4 d5
12.Ne1f3 d4
13.Nc3e2 e5
14.g4 Qd8c7
15.f5 g5
16.Ne2g3 a5
17.Ng3h5 f6
18.h4 b5
19.hxg5 hxg5
20.Kf2 Kf7
21.Rf1h1 Rf8h8
22.Qd1e2 Rh8h6
23.Nh5xg7 Kxg7
24.Rh1xh6 Kxh6
25.Rb1h1 Kg7
26.Qe2f1 Ra8h8
27.Rh1xh8 Kxh8
28.Qf1h1 Kg7
29.Qh1h5 Qc7d8
30.Bd2xg5 fxg5
31.Nf3xg5 Qd8g8
32.Ng5e6 Kf6
33.g5 { resign }
1-0

[Event "Tourn. n9492"]
[Site "www.chess-mail.com"]
[Date "2017.10.31"]
[Round "1"]
[White "Ejner"]
[Black "Kermet"]
[WhiteElo "2370"]
[BlackElo "2420"]
[Result "1/2-1/2"]
[Round "1"]
1.d4 Ng8f6
2.c4 e6
3.Ng1f3 b6
4.Bc1f4 Bf8b4
5.Nb1d2 Bc8b7
6.e3 O-O
7.Bf1d3 d5
8.cxd5 exd5
9.O-O c5
10.dxc5 Bb4xc5
11.Nd2b3 Nb8c6
12.Ra1c1 Bc5d6
13.Bf4xd6 Qd8xd6
14.Nb3d4 Nc6xd4
15.Nf3xd4 Nf6e4
16.Qd1a4 Ne4c5
17.Qa4a3 Rf8c8
18.Bd3f5 Rc8d8
19.Rf1d1 a5
20.Bf5g4 Qd6f6
21.Rc1c2 Bb7c8
{ draw }
1/2-1/2

[Event "Tourn. n9468"]
[Site "www.chess-mail.com"]
[Date "2017.10.31"]
[Round "1"]
[White "Gilliere"]
[Black "Sorim"]
[WhiteElo "2080"]
[BlackElo "1930"]
[Result "0-1"]
[Round "1"]
1.e4 e5
2.Ng1f3 Ng8f6
3.Nf3xe5 d6
4.Ne5f3 Nf6xe4
5.Qd1e2 Qd8e7
6.d3 Ne4f6
7.Qe2xe7 Bf8xe7
8.Nb1c3 O-O
9.Bc1e3 Nf6g4
10.Nc3d5 Be7d8
11.O-O-O c6
12.Nd5f4 Bd8f6
13.Rd1e1 Bc8e6
14.Nf4xe6 fxe6
15.h3 Ng4e5
16.Nf3xe5 Bf6xe5
17.d4 Be5f6
18.g4 Bf6h4
19.Re1e2 Nb8d7
20.Bf1g2 Nd7b6
21.b3 Nb6d5
22.Kd2 Nd5xe3
23.Kxe3 d5
24.c4 Ra8e8
25.Rh1f1 Rf8f6
26.f3 dxc4
27.bxc4 e5
28.dxe5 Re8xe5
29.Kd2 Rf6d6
 { time }
0-1

[Event "Tourn. n9534"]
[Site "www.chess-mail.com"]
[Date "2017.10.31"]
[Round "1"]
[White "Norlavuaram"]
[Black "Fantomas"]
[WhiteElo "2070"]
[BlackElo "2190"]
[Result "1/2-1/2"]
[Round "1"]
1.e4 e5
2.Ng1f3 Nb8c6
3.Bf1b5 a6
4.Bb5a4 Ng8f6
5.O-O b5
6.Ba4b3 Bf8e7
7.Rf1e1 d6
8.h3 O-O
9.c3 Nc6a5
10.Bb3c2 c5
11.d3 h6
12.Nb1d2 Bc8e6
13.Nd2f1 Na5c6
14.g4 Nf6h7
15.Nf1g3 Nh7g5
16.Nf3xg5 Be7xg5
17.f4 exf4
18.Ng3f1 Bg5h4
19.Re1e2 Qd8f6
20.Bc1d2 f3
21.Re2e3 f2
22.Kg2 h5
23.Re3f3 Qf6g6
24.Rf3f4 hxg4
25.hxg4 Bh4g5
26.Rf4xf2 Bg5xd2
27.Nf1xd2 Be6xg4
28.Nd2f3 Nc6e5
29.Kf1 Qg6h5
30.Rf2h2 Qh5g6
31.Nf3xe5 Bg4xd1
32.Ne5xg6 fxg6
33.Ke1 Bd1xc2
34.Rh2xc2 Rf8f3
35.Rc2g2 Ra8f8
36.Ke2 Rf3f6
37.Ra1g1 Kf7
38.Rg2f2 Rf8e8
39.Rg1f1 Ke6
40.Ke3 Re8f8
41.d4 Rf8h8
42.Rf2f3 Rh8h4
43.Rf1f2 Rh4g4
44.Rf3f4 Rg4g5
{ draw }
1/2-1/2

[Event "Tourn. n9460"]
[Site "www.chess-mail.com"]
[Date "2017.10.31"]
[Round "1"]
[White "Conde7"]
[Black "Astroboy"]
[WhiteElo "2850"]
[BlackElo "2330"]
[Result "1-0"]
[Round "1"]
1.e4 c6
2.d4 d5
3.e5 c5
4.c3 Nb8c6
5.Bf1e2 cxd4
6.cxd4 Bc8f5
7.Ng1f3 e6
8.O-O Ng8e7
9.Bc1e3 Bf5g4
10.Nb1d2 Ne7f5
11.Qd1b3 Bf8b4
12.h3 Bg4h5
13.Be2d3 Bb4xd2
14.Qb3xb7 Qd8c8
15.Qb7xc8 Ra8xc8
16.Nf3xd2 Nf5xd4
17.Rf1c1 O-O
18.Bd3a6 Nd4e2
19.Ba6xe2 Bh5xe2
20.Be3c5 Rf8e8
21.f4 a5
22.Kf2  { time }
1-0

[Event "Tourn. n9439"]
[Site "www.chess-mail.com"]
[Date "2017.10.31"]
[Round "1"]
[White "Osopanda"]
[Black "Dussek"]
[WhiteElo "1600"]
[BlackElo "1649"]
[Result "1-0"]
[Round "1"]
1.d4 d5
2.c4 e6
3.Nb1c3 Ng8f6
4.g3 c5
5.cxd5 Nf6xd5
6.Bf1g2 Nb8c6
7.e4 Nd5xc3
8.bxc3 cxd4
9.Ng1e2 d3
10.Ne2f4 Nc6e5
11.O-O Bf8d6
12.Nf4xd3 Ne5xd3
13.Qd1xd3 O-O
14.Bc1e3 b6
15.e5 Ra8b8
16.Ra1d1 Bd6c7
17.Qd3c4 Qd8e7
18.f4 Rf8d8
19.Bg2e4 Bc8b7
20.Rd1xd8 Qe7xd8
21.Be4xb7 Rb8xb7
22.Qc4c6 Rb7b8
23.Kg2 Qd8d5
24.Qc6xd5 exd5
25.Be3d4 Rb8e8
26.Kf3 h5
27.Rf1e1 Kf8
28.h3 f6
29.Re1b1 fxe5
30.fxe5 Bc7xe5
31.Bd4xe5 Re8xe5
32.Rb1b5 Ke7
33.Kf4 Ke6
34.c4 Re5e4
35.Kf3 Re4xc4
36.Rb5b2 d4
37.Ke4 g5
38.g4 h4
39.Rb2f2 a5
40.Kd3 b5
41.Rf2f5 Rc4c1
42.Kxd4 Rc1d1
43.Kc5 b4
44.Rf5xg5 Rd1d3
45.Kb5 Rd3xh3
46.Rg5h5 Kf6
47.Kxa5 b3
48.axb3 Rh3h1
49.b4 Rh1a1
50.Kb6 Ra1b1
51.b5 Rb1b4
52.Rh5xh4 Kg5
53.Rh4h8 Kxg4
54.Ka6 Rb4a4
55.Kb7 Ra4b4
56.b6 Kg5
57.Rh8f8 Kg6
58.Rf8f1 Kg5
59.Kc7 Rb4c4
60.Kb8 Kg4
61.Rf1f7 Kg5
62.b7 Kg6
63.Rf7c7 Rc4b4
64.Kc8 Kf6
65.b8Q Rb4xb8
66.Kxb8 { resign }
1-0

[Event "Tourn. n9471"]
[Site "www.chess-mail.com"]
[Date "2017.10.31"]
[Round "1"]
[White "Seger"]
[Black "Numanoid"]
[WhiteElo "2680"]
[BlackElo "2420"]
[Result "1-0"]
[Round "1"]
1.d4 d5
2.c4 e6
3.cxd5 exd5
4.Bc1f4 Bf8b4
5.Nb1c3 c6
6.e3 Ng8e7
7.h4 Bb4d6
8.Qd1f3 O-O
9.h5 h6
10.g4 Bc8e6
11.O-O-O b5
12.g5 hxg5
13.Bf4xg5 f6
14.Bg5f4 Bd6xf4
15.Qf3xf4 b4
16.Nc3a4 Qd8a5
17.h6 Qa5xa4
18.hxg7 Kxg7
19.Qf4d6 Ne7g6
20.Bf1d3 Be6f7
21.Ng1e2 Nb8a6
22.Ne2g3 Qa4xa2
23.Ng3h5 Kg8
24.Nh5xf6 { resign }
1-0

[Event "Tourn. n9479"]
[Site "www.chess-mail.com"]
[Date "2017.10.31"]
[Round "1"]
[White "Azulmarino"]
[Black "Osopanda"]
[WhiteElo "1590"]
[BlackElo "1680"]
[Result "0-1"]
[Round "1"]
1.e4 d6
2.d3 Ng8f6
3.Nb1c3 Nb8d7
4.Ng1f3 e5
5.Bc1g5 Bf8e7
6.Bf1e2 O-O
7.O-O c6
8.Nf3h4 Rf8e8
9.Nh4f5 Be7f8
10.Be2h5 Qd8b6
11.Bg5e3 Qb6xb2
12.Be3d2 g6
13.Nf5h6 Kg7
14.Qd1f3 Qb2xc2
15.Rf1d1 Qc2b2
16.Nc3a4 Qb2b5
17.Na4c3 Qb5b6
18.Bd2e3 Nf6xh5
19.Be3xb6 axb6
20.Nh6g4 Nh5f4
21.Nc3e2 Nd7f6
22.Ne2xf4 exf4
23.Qf3xf4 Nf6h5
24.Qf4h6 Kh8
25.Qh6e3 { time. }
0-1

[Event "Tourn. n9544"]
[Site "www.chess-mail.com"]
[Date "2017.10.31"]
[Round "1"]
[White "Norlavuaram"]
[Black "Liencam2"]
[WhiteElo "2080"]
[BlackElo "2220"]
[Result "0-1"]
[Round "1"]
1.e4 c5
2.Ng1f3 e6
3.c4 Nb8c6
4.Bf1e2 g5
5.O-O Bf8g7
6.Nb1c3 a6
7.d3 h6
8.Bc1e3 b6
9.Ra1c1 Ng8e7
10.Nf3e1 Qd8c7
11.f4 Bc8b7
12.Qd1d2 Nc6d4
13.Be2h5 gxf4
14.Be3xf4 d6
15.Bh5xf7 Kd7
16.Bf7h5 Ra8f8
17.Ne1f3 Ne7c6
18.Nf3h4 Nc6e7
19.Bf4g3 Rf8f6
20.Rf1xf6 Bg7xf6
21.Nh4g6 Ne7xg6
22.Bh5xg6 Kc8
23.Bg6h5 Rh8g8
24.Qd2xh6 Bf6g5
{ resign }
0-1

[Event "Tourn. n9482"]
[Site "www.chess-mail.com"]
[Date "2017.10.31"]
[Round "1"]
[White "Blackygrey"]
[Black "Astroboy"]
[WhiteElo "2369"]
[BlackElo "2440"]
[Result "0-1"]
[Round "1"]
1.e4 c6
2.Nb1c3 d5
3.Ng1f3 Bc8g4
4.h3 Bg4h5
5.exd5 cxd5
6.g4 Bh5g6
7.Bf1b5 Nb8c6
8.Nf3e5 Qd8c7
9.d4 e6
10.h4 f6
11.Ne5xg6 hxg6
12.Qd1d3 Kf7
13.h5 gxh5
14.gxh5 Ng8e7
15.Bc1e3 a6
 { time }
0-1

[Event "Tourn. n9520"]
[Site "www.chess-mail.com"]
[Date "2017.10.31"]
[Round "1"]
[White "Fantomas"]
[Black "Norlavuaram"]
[WhiteElo "2220"]
[BlackElo "2070"]
[Result "1/2-1/2"]
[Round "1"]
1.e4 e5
2.Ng1f3 Nb8c6
3.Bf1b5 a6
4.Bb5a4 Ng8f6
5.d3 b5
6.Ba4b3 Bf8e7
7.c3 O-O
8.h3 d5
9.exd5 Nf6xd5
10.O-O Bc8b7
11.Rf1e1 Be7f6
12.Nb1d2 Nd5f4
13.Nd2e4 Nf4xd3
14.Ne4xf6 gxf6
15.Re1e3 Nd3c5
16.Bb3c2 Qd8xd1
17.Bc2xd1 Ra8d8
18.Bd1c2 Nc5e6
19.Nf3h4 Nc6e7
20.Nh4f5 Ne7xf5
21.Bc2xf5 Ne6g7
22.Bf5c2 Kh8
23.Re3d3 Rd8xd3
24.Bc2xd3 Rf8d8
25.Bd3e2 Ng7e6
26.Bc1e3 Bb7e4
27.Ra1d1 Rd8xd1
28.Be2xd1 Be4b1
29.a3 Bb1e4
30.g3 Kg7
31.f3 Be4b7
32.Kf2 c5
33.h4 f5
34.Be3d2 e4
35.Ke3 Kf6
36.b3 Ke5
37.Kf2 Bb7d5
38.b4 cxb4
39.axb4 Bd5c4
40.Ke3 Bc4d5
41.Bd2e1 Ne6d8
42.Be1d2 Nd8e6
43.f4 Kd6
44.Bd1h5 Ne6d8
45.Bd2e1 Nd8c6
46.g4 Ke6
47.g5 Bd5c4
48.Be1f2 Kd6
49.Kd2 Nc6e7
50.Bh5d1 Ne7g6
51.Bf2g3 Kd5
52.Bd1c2 Ng6f8
53.Bg3f2 Nf8g6
54.Bf2g3 { draw }
1/2-1/2

[Event "Match"]
[Site "www.echecsemail.com"]
[Date "2017.10.31"]
[Round "1"]
[White "Gambitmiau"]
[Black "Joaodelisboa"]
[WhiteElo "1960"]
[BlackElo "1789"]
[Result "0-1"]
[Round "1"]
1.e4 c5
2.Ng1f3 e6
3.Bf1c4 Nb8c6
4.a3 Ng8f6
5.d3 d5
6.exd5 exd5
7.Bc4a2 Bf8e7
8.O-O O-O
9.h3 Rf8e8
10.Nb1c3 Bc8e6
11.b3 a6
12.b4 cxb4
13.Ba2b3 bxc3
14.Bc1e3 d4
15.Bb3xe6 dxe3
16.Be6xf7 Kxf7
17.fxe3 Kg8
18.d4 Be7f8
19.Qd1d3 Nf6d5
20.e4 Nd5f4
21.Qd3e3 Nf4e6
22.d5 Bf8c5
23.Qe3xc5 Ne6xc5
{ resign }
0-1

[Event "Match"]
[Site "www.echecsemail.com"]
[Date "2017.10.31"]
[Round "1"]
[White "Gidi5"]
[Black "Karlgrocer"]
[WhiteElo "1499"]
[BlackElo "2040"]
[Result "1-0"]
[Round "1"]
1.e4 c5
2.Ng1f3 e6
3.d4 cxd4
4.Nf3xd4 Ng8f6
5.Nb1c3 Bf8e7
6.Bc1f4 a6
7.Bf1e2 O-O
8.O-O b5
9.e5 Nf6d5
10.Nc3xd5 exd5
11.Be2f3 Bc8b7
12.Nd4f5 Be7g5
13.Bf4xg5 Qd8xg5
14.Nf5d6 Bb7c6
15.Rf1e1 a5
16.Bf3xd5 Bc6xd5
17.Qd1xd5 Nb8c6
18.Nd6xb5 Rf8d8
19.Nb5d6 Qg5g6
20.c3 Ra8b8
21.b3 Qg6e6
22.Qd5xe6 dxe6
23.f4 Nc6e7
24.Ra1d1 Ne7d5
25.Rd1xd5 exd5
26.Re1d1 g6
27.Rd1xd5 a4
28.b4 Rd8d7
29.a3 Rb8b6
30.c4 Rd7c7
31.c5 Rb6c6
32.Kf2 Kg7
33.Nd6e8 Kh6
34.Ne8xc7 { resign }
1-0

[Event "Match"]
[Site "www.echecsemail.com"]
[Date "2017.10.31"]
[Round "1"]
[White "Gidi5"]
[Black "Fangshuo"]
[WhiteElo "2290"]
[BlackElo "2010"]
[Result "1-0"]
[Round "1"]
1.e4 e6
2.d4 d5
3.Nb1c3 c5
4.Ng1f3 cxd4
5.Nf3xd4 Bf8b4
6.Qd1d3 Bb4xc3
7.bxc3 Ng8e7
8.Bc1a3 a6
9.Bf1e2 dxe4
10.Qd3xe4 O-O
11.O-O f5
12.Qe4h4 Rf8f7
13.Be2c4 Rf7f6
14.Ra1d1 Ne7d5
15.Nd4xf5 Nb8c6
16.Nf5e3 Qd8c7
17.Bc4xd5 Rf6h6
18.Qh4g3 Qc7xg3
19.hxg3 exd5
20.Ne3xd5 Bc8f5
21.Nd5e3 Bf5e6
22.c4 b5
23.Ba3c1 Rh6g6
24.cxb5 axb5
25.a3 Nc6e7
26.Rd1d6 Ne7f5
27.Rd6xe6 { resign }
1-0

[Event "Match"]
[Site "www.echecsemail.com"]
[Date "2017.10.31"]
[Round "1"]
[White "Gidi5"]
[Black "Apdash"]
[WhiteElo "2290"]
[BlackElo "2270"]
[Result "1/2-1/2"]
[Round "1"]
1.e4 c5
2.Ng1f3 d6
3.d4 cxd4
4.Nf3xd4 e5
5.Nd4b3 Ng8f6
6.Nb1c3 Bf8e7
7.Bf1b5 Bc8d7
8.Qd1e2 O-O
9.Bb5xd7 Qd8xd7
10.O-O Nb8c6
11.Rf1d1 a6
12.Bc1g5 Nf6e8
13.Bg5xe7 Nc6xe7
14.Rd1d2 Ra8d8
15.Ra1d1 Qd7e6
16.Nb3a5 Rd8d7
17.Na5c4 f5
18.Nc4b6 Rd7d8
19.Qe2c4 Qe6xc4
20.Nb6xc4 fxe4
21.Nc4xd6 Rd8xd6
22.Rd2xd6 Ne8xd6
23.Rd1xd6 Ne7f5
24.Rd6e6 e3
25.f3 Nf5d4
26.Re6xe5 Nd4xc2
27.Nc3d1 Rf8d8
28.Nd1xe3 Nc2xe3
29.Re5xe3 Rd8d2
30.Re3b3 b5
31.g4 g5
32.a3 Kg7
33.h3 Kg6
34.Rb3b4 h5
35.a4 Rd2d5
36.Kf2 hxg4
37.hxg4 bxa4
38.Rb4xa4 Rd5d2
39.Ke3 Rd2xb2
40.Ra4xa6 Kf7
41.Ra6d6 Rb2b4
42.Rd6d4 Rb4b6
43.f4 gxf4
44.Kxf4 Kg6
45.g5 Rb6a6
46.Kg4 Ra6b6
47.Rd4f4 Rb6a6
48.Rf4e4 { draw }
1/2-1/2

[Event "Fast Game"]
[Site "www.echecsemail.com"]
[Date "2017.10.31"]
[Round "1"]
[White "Apdash"]
[Black "Pellix84"]
[WhiteElo "1879"]
[BlackElo "1680"]
[Result "1-0"]
[Round "1"]
1.e4 c5
2.Ng1f3 d6
3.d4 cxd4
4.Nf3xd4 Ng8f6
5.Nb1c3 a6
6.Bf1e2 b5
7.f3 Bc8b7
8.Bc1e3 e6
9.O-O Bf8e7
10.Qd1e1 Nb8d7
11.Ra1c1 Ra8c8
12.Nc3b1 Nd7b6
13.b3 O-O
14.Qe1f2 Nb6d7
15.c4 bxc4
16.Rc1xc4 Qd8a5
17.Rc4a4 Qa5c7
18.Be2xa6 Nd7c5
19.Ba6xb7 Qc7xb7
20.Ra4c4 d5
21.exd5 exd5
22.Rc4c3 Qb7a6
23.Nd4f5 Nc5d3
24.Nf5xe7 Kh8
25.Rc3xc8 Rf8xc8
26.Qf2e2 Rc8e8
27.Rf1d1 Re8xe7
28.Qe2xd3 Qa6xa2
29.b4 Qa2a4
30.b5 Re7xe3
31.Qd3f1 Re3b3
32.Rd1c1 Rb3xb5
33.Kh1 Rb5b8
34.Nb1c3 Qa4f4
35.Nc3e2 Qf4e5
36.Qf1d1 Rb8d8
37.Ne2d4 Qe5e3
38.Nd4f5 Qe3g5
39.Qd1c2 g6
40.Qc2c7 Nf6h5
41.Qc7c3 Kg8
42.g4 gxf5
43.gxh5 Qg5xh5
44.Rc1g1 Kf8
45.Qc3c5 Ke8
46.Rg1g8 Kd7
47.Qc5xd5 Kc7
48.Qd5xd8 Kc6
49.Qd8a8 Kd6
50.Qa8d8 Ke5
51.Qd8e7 Kf4
52.Qe7d6 Ke3
53.Rg8e8 { resign }
1-0

[Event "Fast Game"]
[Site "www.echecsemail.com"]
[Date "2017.10.31"]
[Round "1"]
[White "Leonger"]
[Black "Apdash"]
[WhiteElo "2120"]
[BlackElo "1880"]
[Result "0-1"]
[Round "1"]
1.e4 c5
2.Ng1f3 d6
3.d4 cxd4
4.Nf3xd4 Nb8c6
5.Bf1b5 Bc8d7
6.O-O Ng8f6
7.Nb1c3 a6
8.Nd4xc6 Bd7xc6
9.Bb5xc6 bxc6
10.Bc1g5 Qd8c7
11.Qd1e2 Nf6d7
12.Qe2c4 h6
13.Bg5f4 e5
 { time }
0-1

[Event "Tourn. n9515"]
[Site "www.chess-mail.com"]
[Date "2017.11.01"]
[Round "1"]
[White "Add"]
[Black "Cjood"]
[WhiteElo "2230"]
[BlackElo "2000"]
[Result "1-0"]
[Round "1"]
1.c4 e5
2.Nb1c3 c6
3.e4 Bf8b4
4.a3 Bb4xc3
5.dxc3 Ng8f6
6.Bc1g5 Qd8b6
7.Bg5xf6 gxf6
8.b4 c5
9.Qd1f3 cxb4
10.cxb4 a5
11.c5 Qb6e6
12.Qf3c3 axb4
13.axb4 Ra8xa1
14.Qc3xa1 O-O
15.Qa1c3 d5
16.Bf1d3 Qe6g4
17.Ng1e2 dxe4
18.Qc3c4 exd3
19.Qc4xg4 Bc8xg4
20.f3 Bg4xf3
21.gxf3 dxe2
22.Kxe2 Nb8c6
23.h4 Nc6xb4
24.Rh1b1 Nb4d5
25.Rb1xb7 Rf8c8
26.Rb7d7 Rc8xc5
27.h5 Nd5f4
28.Ke3 Nf4xh5
29.Rd7d8 Kg7
30.Rd8d2 f5
31.Rd2g2  { time }
1-0

[Event "Tourn. n9505"]
[Site "www.chess-mail.com"]
[Date "2017.11.01"]
[Round "1"]
[White "Esperanza"]
[Black "Libiesse"]
[WhiteElo "1880"]
[BlackElo "1780"]
[Result "0-1"]
[Round "1"]
1.d4 d5
2.c4 e6
3.Nb1c3 Ng8f6
4.cxd5 exd5
5.Bc1g5 Bf8e7
6.e3 O-O
7.Bf1d3 h6
8.Bg5h4 Bc8e6
9.Qd1c2 Nb8d7
10.Ng1f3 c6
11.O-O Rf8e8
12.h3 Be7d6
13.Bd3f5 Ra8c8
14.Bh4xf6 Nd7xf6
15.a3 b6
16.b4 c5
17.bxc5 bxc5
18.Bf5xe6 Re8xe6
19.dxc5 Rc8xc5
20.Qc2d3 Qd8a5
21.Nc3e2 Bd6c7
22.Nf3d4 Qa5a6
 { time }
0-1

[Event "Tourn. n9536"]
[Site "www.chess-mail.com"]
[Date "2017.11.01"]
[Round "1"]
[White "Julian"]
[Black "Azulmarino"]
[WhiteElo "1500"]
[BlackElo "1520"]
[Result "1-0"]
[Round "1"]
1.e4 d5
2.exd5 Qd8xd5
3.Nb1c3 Qd5f5
4.d4 e5
5.dxe5 Qf5xe5
6.Bf1e2 Bf8c5
7.Ng1f3 Qe5e6
8.O-O Ng8f6
9.Rf1e1 Nf6g4
10.Be2b5 Bc8d7
11.Bb5xd7 Nb8xd7
12.Re1xe6 Bc5e7
13.Nc3d5 Ra8c8
14.Re6xe7 Kd8
15.Re7xf7 { resign }
1-0

[Event "Tourn. n9497"]
[Site "www.chess-mail.com"]
[Date "2017.11.01"]
[Round "1"]
[White "Welberth"]
[Black "Theo64"]
[WhiteElo "1900"]
[BlackElo "1589"]
[Result "1-0"]
[Round "1"]
1.e4 e6
2.d4 d5
3.e5 c5
4.c3 Nb8c6
5.Ng1f3 Qd8b6
6.Bf1d3 cxd4
7.cxd4 Bc8d7
8.Bc1e3 Bf8b4
9.Nb1c3 Ng8e7
10.O-O O-O
11.Nf3h4 Ne7g6
12.Qd1g4 Nc6e7
13.a3 Bb4xc3
14.bxc3 Ng6xh4
15.Qg4xh4 Ne7g6
16.Qh4g3 Ra8c8
17.Ra1c1 Rc8c7
18.f4 Rf8c8
19.Be3d2 Qb6b2
20.Rf1f2 Qb2xa3
21.h4 Rc7xc3
22.Rc1xc3 Rc8xc3
23.Bd2xc3 Qa3xc3
24.h5 Qc3e1
25.Kh2  { time }
1-0

[Event "Tourn. n9506"]
[Site "www.chess-mail.com"]
[Date "2017.11.01"]
[Round "1"]
[White "Luban"]
[Black "Vios"]
[WhiteElo "2100"]
[BlackElo "2020"]
[Result "0-1"]
[Round "1"]
1.d4 Ng8f6
2.c4 e6
3.a3 a5
4.Ng1f3 c5
5.e3 d5
6.Nb1c3 Nb8c6
7.Bf1d3 Bf8e7
8.O-O O-O
9.dxc5 dxc4
10.Bd3xc4 Be7xc5
11.Nc3a4 Bc5e7
12.Qd1xd8 Rf8xd8
13.Na4b6 Ra8b8
14.Bc1d2 Be7c5
15.Nb6xc8 Rb8xc8
16.Bd2c3 Nf6e4
17.Ra1c1 Bc5e7
18.h3 Ne4xc3
19.Rc1xc3 Be7f6
20.Rc3c2 Nc6e7
21.Rf1c1 b5
22.Bc4xb5 Bf6xb2
23.Rc2xc8 Ne7xc8
24.Rc1b1 Bb2xa3
25.Bb5a6 Ba3b4
26.Rb1c1 Nc8e7
27.Nf3d4 Rd8b8
28.Rc1b1 Ne7d5
29.Kf1 g6
30.Nd4c6 Rb8b6
31.Nc6xb4 axb4
32.Ba6c4 Nd5c3
33.Rb1b3 Kf8
34.Ke1 Ke7
35.f3 Kd6
36.Kd2 Kc5
37.Bc4d3 g5
38.Kc2 h6
39.Kc1 Rb6b8
40.Rb3b2 Rb8a8
41.Bd3h7 Kc4
42.Kc2 f5
{ resign }
0-1

[Event "Tourn. n9549"]
[Site "www.chess-mail.com"]
[Date "2017.11.01"]
[Round "1"]
[White "Ztornad"]
[Black "Theo64"]
[WhiteElo "1630"]
[BlackElo "1790"]
[Result "1-0"]
[Round "1"]
1.e4 e6
2.Ng1f3 d5
3.e5 c5
4.Bf1b5 Nb8c6
5.O-O Qd8b6
6.Bb5e2 Bc8d7
7.a4 a5
8.c4 Ng8e7
9.cxd5 Ne7xd5
10.Nb1a3  { time }
1-0

[Event "Tourn. n9604"]
[Site "www.chess-mail.com"]
[Date "2017.11.01"]
[Round "1"]
[White "Bojan"]
[Black "Fantomas"]
[WhiteElo "2010"]
[BlackElo "2170"]
[Result "1-0"]
[Round "1"]
1.e4 e5
2.Ng1f3 Ng8f6
3.Nf3xe5 Qd8e7
4.Ne5c4 Nf6xe4
5.Qd1e2 d5
6.Nc4e3 Bc8e6
7.d3 Ne4d6
8.g3 Nb8d7
9.b3 Qe7f6
10.c3 O-O-O
11.Bc1b2 Qf6g6
12.Bf1g2 Bf8e7
13.Ne3xd5 Be7g5
14.O-O h5
15.f4 Bg5h6
16.Nd5e7 { resign }
1-0

[Event "Tourn. n9551"]
[Site "www.chess-mail.com"]
[Date "2017.11.01"]
[Round "1"]
[White "Luban"]
[Black "Tonino1"]
[WhiteElo "2060"]
[BlackElo "2170"]
[Result "1-0"]
[Round "1"]
1.d4 Ng8f6
2.c4 g6
3.e3 Bf8g7
4.Ng1f3 O-O
5.Nb1c3 d6
6.h3 c6
7.Bf1d3 Qd8c7
8.O-O e5
9.Qd1c2 h6
10.b3 Rf8e8
11.Bc1b2 Nf6h7
12.d5 f5
13.Bd3e2 e4
14.Nf3d4 Nb8a6
15.a3 Qc7e7
16.dxc6 Bg7xd4
17.cxb7 Bc8xb7
18.exd4 Ra8c8
19.d5 Na6c7
20.Rf1d1 Nh7f6
21.Qc2d2 Kh7
22.Nc3a4 Nf6d7
23.Ra1c1 Nc7a6
24.b4 e3
25.Qd2xe3 Qe7xe3
26.fxe3 Re8xe3
27.Kf2 Rc8e8
28.Rd1d2 f4
29.Rc1c3 Nd7f6
30.Be2f3 Nf6e4
31.Bf3xe4 Re8xe4
32.c5 Re3xc3
33.Bb2xc3 Re4c4
34.cxd6 Bb7c8
35.Bc3d4 Bc8d7
36.Na4c5 Na6b8
37.Nc5xd7 Nb8xd7
38.Bd4xa7  { time }
1-0

[Event "Tourn. n9476"]
[Site "www.chess-mail.com"]
[Date "2017.11.01"]
[Round "1"]
[White "Passaroa25"]
[Black "Stewartborst"]
[WhiteElo "1670"]
[BlackElo "1710"]
[Result "1-0"]
[Round "1"]
1.e4 e5
2.f3 Ng8f6
3.c3 d5
4.d3 Nb8c6
5.Nb1d2 Bf8c5
6.Nd2b3 Qd8e7
7.Nb3xc5 Qe7xc5
8.Ng1e2 Bc8e6
9.Ne2g3 h6
10.Ng3f5 Be6xf5
11.exf5 O-O-O
12.Qd1e2 d4
13.Bc1d2 g5
14.fxg6 fxg6
15.b4 Qc5d6
16.O-O-O dxc3
17.Bd2xc3 Nf6d5
18.Bc3d2 Nc6xb4
19.Bd2xb4 Qd6xb4
20.Qe2d2 Qb4a3
21.Qd2b2 Qa3c5
22.Qb2c2 Qc5e3
23.Qc2d2 Qe3d4
24.Bf1e2 Nd5c3
25.Rd1e1 Rd8d5
26.g4 Rd5a5
27.Qd2b2 Nc3xa2
28.Kc2 Qd4c5
29.Kd2 Na2b4
30.Re1c1 Qc5d6
31.h4 Ra5a2
32.Kc3 Ra2xb2
33.Kxb2  { time }
1-0

[Event "Tourn. n9565"]
[Site "www.chess-mail.com"]
[Date "2017.11.01"]
[Round "1"]
[White "Falcoale"]
[Black "Apdash"]
[WhiteElo "2010"]
[BlackElo "2180"]
[Result "0-1"]
[Round "1"]
1.e4 Nb8c6
2.Ng1f3 e5
3.Bf1c4 Bf8e7
4.O-O Ng8f6
5.d3 d5
6.exd5 Nf6xd5
7.Rf1e1 Bc8g4
8.h3 Bg4xf3
9.Qd1xf3 Nd5f6
10.Bc4b5 Qd8d6
11.Nb1c3 Nf6d7
12.Nc3e4 Qd6b4
13.Ne4c3 Qb4c5
14.Bb5c4 O-O
15.Bc1e3 Qc5a5
16.Nc3d5 Be7c5
17.c3 Bc5xe3
18.Nd5xe3 Qa5c5
19.b4 Qc5d6
20.Ne3f5 Qd6f6
21.Re1e4 g6
22.Nf5h6 Kg7
23.Qf3e3 Qf6e7
24.Ra1e1 f5
25.Nh6xf5 Rf8xf5
26.d4 Nd7f6
27.dxe5 Nf6xe4
28.Qe3xe4 Rf5xe5
{ resign }
0-1

[Event "Tourn. n9560"]
[Site "www.chess-mail.com"]
[Date "2017.11.01"]
[Round "1"]
[White "Francesco"]
[Black "Apdash"]
[WhiteElo "2140"]
[BlackElo "2100"]
[Result "1/2-1/2"]
[Round "1"]
1.e4 e5
2.Ng1f3 d6
3.d4 exd4
4.Nf3xd4 Ng8f6
5.Nb1c3 Bf8e7
6.Bf1c4 a6
7.Bc1g5 O-O
8.O-O Bc8d7
9.Rf1e1 c5
10.Nd4f3 b5
11.Bc4d5 Nf6xd5
12.Qd1xd5 Bd7c6
13.Bg5xe7 Qd8xe7
14.Qd5d2 Ra8a7
15.Ra1d1 Ra7d7
16.Nc3d5 Bc6xd5
17.Qd2xd5 Qe7e6
18.Qd5xe6 fxe6
19.Re1e2 Nb8c6
20.Re2d2 Nc6d4
21.Nf3xd4 cxd4
22.Rd2xd4 Rf8d8
23.e5 d5
24.f4 Rd7c7
25.Rd1d2 Rd8c8
26.c3 Rc7c4
27.Kf2 Kf7
28.Kf3 h5
29.Rd4xc4 bxc4
30.h3 Rc8g8
31.g4 g5
32.Rd2g2 gxf4
33.Kxf4 hxg4
34.Rg2xg4 Rg8b8
35.Rg4g2 Rb8h8
36.Rg2h2 Rh8h4
37.Kg5 Rh4e4
38.Rh2f2 Kg7
39.h4 Re4xe5
40.Kf4 Re5e1
41.Rf2g2 { draw }
1/2-1/2

[Event "Tourn. n9590"]
[Site "www.chess-mail.com"]
[Date "2017.11.01"]
[Round "1"]
[White "Bojan"]
[Black "Mitja"]
[WhiteElo "1970"]
[BlackElo "1930"]
[Result "0-1"]
[Round "1"]
1.d4 d5
2.c4 dxc4
3.Nb1c3 c6
4.a4 Qd8d7
5.e4 e6
6.Bf1xc4 Bf8b4
7.Ng1f3 Ng8f6
8.Qd1d3 b6
9.O-O Bc8b7
10.Nc3a2 Bb4e7
11.b4 O-O
12.Nf3e5 Qd7c7
13.Bc1f4 Nf6h5
14.Bf4e3 Nh5f6
15.f3 c5
16.bxc5 bxc5
17.Na2c3 Rf8d8
18.Nc3b5 Qc7c8
19.Qd3c3 a6
20.Nb5a3 cxd4
21.Be3xd4 Nb8c6
22.Ne5xc6 Qc8xc6
23.a5 Ra8c8
24.Rf1c1 Be7xa3
25.Ra1xa3 Qc6d7
26.Bd4xf6 gxf6
27.Qc3xf6 Qd7d6
28.Ra3c3 Qd6c5
29.Kh1 Qc5xa5
30.h4 Qa5h5
31.g3 Qh5g6
32.Qf6f4 Kg7
33.Kh2 Qg6f6
34.Qf4e3 Qf6h6
35.f4 Qh6g6
36.Rc1e1 Kf8
37.Kh3 h5
38.Qe3e2 Rd8d4
39.e5 Rc8d8
40.Rc3c2 Rd4e4
41.Qe2d2 Rd8xd2
42.Rc2xd2 Re4xe1
{ resign }
0-1